000 00293nam a22001337a 4500
008 170522b xxu||||| |||| 00| 0 eng d
020 _a9780814715666
041 _aeng
080 _a94(7/8)
100 _a16
101 _aSHH
245 _aAMERICA ASCENDANT
_cCASHMAN, S.D
942 _2udc
_cBK
999 _c13670
_d13670